| 000 | 00774nam a2200241 i 4500 | ||
|---|---|---|---|
| 001 | 42887 | ||
| 003 | ES-MaACL | ||
| 005 | 20250712062545.0 | ||
| 007 | t| | ||
| 008 | 030314s1981 sp ||||1| spa d | ||
| 080 | _a946"1936/39"(0:860-3) | ||
| 100 | 1 |
_aCela, Camilo José, _d1916-2002 _937336 |
|
| 245 | 1 | 0 |
_aVísperas, festividad y octava de San Camilo del año 1936 en Madrid / _cCamilo José Cela. |
| 250 | _a14ª ed. | ||
| 260 |
_a[Barcelona] : _bNoguer, _c1981. |
||
| 300 |
_a306 p. ; _c22 cm. |
||
| 490 | 1 |
_aNueva galería literaria ; _v6 |
|
| 651 | 4 |
_aEspaña- _xHistoria- _y1936-1939, Guerra civil- _vNovelas. _98310 |
|
| 740 | 0 | 2 | _aSan Camilo 1936. |
| 830 | 1 |
_aNueva galería literaria ; _v6 _9177674 |
|
| 852 | 4 |
_aES-MaACL _jL-6756 |
|
| 999 |
_c42887 _d42887 |
||